ბათუმის შოთა რუსთაველის სახელმწიფო უნივერსიტეტის ბიბლიოთეკა

მარკეტინგის საფუძვლები = Elements of Marketing : (ბიბ.ჩანაწერი № 58989)

000 -ლიდერი
ფიქსირებული სიგრძის საკონტროლო ველი 00905nam a22001937a 4500
003 - საკონტროლო ნომრის იდენტიფიკატორი
საკონტროლო ველი Ge_BSU
005 - ბოლო ოპერაციის თარიღი და დრო
საკონტროლო ველი 20221027153036.0
008 - ფიქსირებული სიგრძის მონაცემთა ელემენტები - ზოგადი ინფორმაცია
ფიქსირებული სიგრძის საკონტროლო ველი 221027s2002 ge ||||| |||| 00| 0 geo d
020 ## - წიგნის საერთაშორისო სტანდარტული ნომერი
International Standard Book Number 9992892323
041 ## - ენის კოდი
Language code of text/sound track or separate title geo
080 ## - უნივერსალური ათობითი კლასიფიკაციის ინდექსი
Universal Decimal Classification number 339.138 მ-85
100 ## - მთავარი ჩანაწერი - პიროვნების სახელი
Personal name მორდენი, ენტონი რ.
Numeration
9 (RLIN) 15597
245 ## - ცნობა სათაურის შესახებ
Title მარკეტინგის საფუძვლები = Elements of Marketing :
Remainder of title სრული კურსი /
Statement of responsibility, etc მთარგმნ.: ნანა ქუთათელაძე.
264 ## - წარმოების, გამოცემის, დისტრიბუციის და სხვა ცნობები
გამოცემის, წარმოების, დისტრიბუციის... ადგილი თბილისი :
გამოცემის, წარმოების, დისტრიბუციის... სახელწოდება ეკონ. კვლევისა და პოლიტ. ტექნოლოგიების ცენტრი,
გამოცემის, წარმოების, დისტრიბუციის... თარიღი 2002.
300 ## - ფიზიკური აღწერა
Extent 457გვ. ;
Other physical details 28სმ.
653 ## - INDEX TERM--UNCONTROLLED
Uncontrolled term მარკეტინგი
700 ## - ADDED ENTRY--PERSONAL NAME
Personal name ქუთათელაძე, ნანა
Relator term მთარგმნელი
9 (RLIN) 15598
942 ## - ADDED ENTRY ELEMENTS (KOHA)
Source of classification or shelving scheme
Koha item type წიგნი
ეგზემპლარები
ჩამოწერის სტატუსი დაკარგული ეგზემპლარის სტატუსი კლასიფიკაციის წყარო ან თაროზე გაწყობის სქემა დაზიანების სტატუსი არ გაიცემა მუდმივი მდებარეობა (დაცვის ადგილი) ამჟამინდელი ადგილსამყოფელი თაროზე განთავსების ადგილი შეძენის თარიღი ღირებულება, შესყიდვის ნორმალური ფასი სრული შენახვის შიფრი შტრიხკოდი ბოლო ოპერაციის თარიღი ეგზემპლარის მიმდევრობითი ნომერი (კეტერი?) ფასის ძალაში შესვლის თარიღი ეგზემპლარის სახეობა საჯარო შენიშვნა
          ბათუმის შოთა რუსთაველის სახელმწიფო უნივერსიტეტის მთავარი ბიბლიოთეკა ბათუმის შოთა რუსთაველის სახელმწიფო უნივერსიტეტის მთავარი ბიბლიოთეკა წიგნსაცავი 2022-10-27 34.00 339.138 მ-85 28790 2022-10-27 28790 2022-10-27 წიგნი 34 ლ.